000 02140cam a22004334i 4500
003 PE-LiUPU
005 20250731173128.0
008 150623s r 000 0 d
035 _a(Sirsi) a26191
040 _aPE-LiUPU
_bspa
_cPE-LiUPU
_erda
082 0 4 _a263.2
_bF76
_221
100 1 _aFord, Desmond,
_eautor.
245 1 4 _aThe forgotten day /
_cDesmond Ford.
264 1 _aNewcastle Ca. :
_bDesmond Ford Publications,
_c1981.
300 _a318 páginas ;
_c23 cm.
336 _atext
_2rdacontent
337 _aunmediated
_2rdamedia
338 _avolume
_2rdacarrier
504 _aIncluye bibliografía.
505 0 _aThe forgotten day. -Three secrets of happy living. -God's all-embracing sign and its particular relevance for the twentiethe century. -Ethics, chaos, and cosmos. -Should I, or shouldn't I? How can I choose?, how relevant are the ten commandments today?. -The edenic origin of the sabbath. -God's bulwark against apostasy from eden to eden. -The sabbath and Colossians 2:16. -Is the Seventh-day sabbath a moral test today?. -The decalogue and the law of israel. -The sabbath and the gospel. -A shorthand summary of the sabbath question. -Sabbath or sunday?. -Questions and answers. -Christ and the sabbath. -Romans 14:5,6. -Galatians 4:9,10. -Colossians 2:13-23. -The everlastin ten. -The historical evidence for christian sabbath keeping in the early centuries.
526 _aSEG42
526 _aSEG41
526 _aSEG40
526 _aSEG39
526 _aP94
526 _aP87
526 _aP86
526 _aP85
526 _aP77
526 _aP76
526 _aP35
650 0 4 _aSábado bíblico
_xObservancia.
650 0 4 _aSábado bíblico
_xLiturgia
_vTextos.
942 _2ddc
_cBOOK
949 _a263.2 F76
_wDEWEY
_c1
_i51473
_lCCODEBUL1
_mBUL
_p10.00
_r0
_sY
_tBOOK
_u2015-06-24
_xTEOLOGIA
_PP35
_0COMPRA
_o.STAFF. Colección General
596 _a1
999 _a263.2 F76
_wDEWEY
_c33195
_i51473
_d33195
_f2021-11-10
_g5
_lCCODEBUL1
_mBUL
_p10.00
_q1
_r0
_sY
_tBOOK
_u2015-6-24
_xTEOLOGIA
_PP35
_0COMPRA
_o.STAFF. Colección General
980 _81
_gALBERTO SANCHEZ Responsable de Automatización